INTRODUCTION TO ENVIRONMENTAL TOXICOLOGY (Record no. 4554)

MARC details
000 -LEADER
fixed length control field 00551nam a22001817a 4500
008 - FIXED-LENGTH DATA ELEMENTS--GENERAL INFORMATION
fixed length control field 260219b |||||||| |||| 00| 0 eng d
020 ## - INTERNATIONAL STANDARD BOOK NUMBER
ISBN 9781498750424
100 ## - MAIN ENTRY--AUTHOR
Author LANDIS, WAYNE G.
245 ## - TITLE STATEMENT
Title INTRODUCTION TO ENVIRONMENTAL TOXICOLOGY
Remainder of title MOLECULAR SUBSTANCES TO ECOLOGICAL LANDSCAPES
250 ## - EDITION STATEMENT
Edition statement 5TH
260 ## - PUBLICATION, DISTRIBUTION, ETC. (IMPRINT)
Place of publication BOCA RATON
Name of publisher CRC PRESS
Date of publication 2018
300 ## - COLLATION
Pagination XX, 470p.
Other physical details illus
650 ## - TRACINGS
Main Subject POLLUTION
Subdivision (1st) ENVIRONMENTAL TOXICOLOGY
700 ## - ADDITIONAL AUTHOR
Additional Author 2. SOFIELD, RUTH M. 3. YU, MING-HO
942 ## - ADDED ENTRY ELEMENTS (KOHA)
Item type Books
050 ## - LIBRARY OF CONGRESS CALL NUMBER
Classification number RA1226
Item number .L35
Holdings
Source of classification or shelving scheme Not for loan Permanent location Current location Date acquired Accession No. Full call number Barcode. Copy number Koha item type
Library of Congress Classification   Samuel Ogbemudia Main Library, University of Abuja Samuel Ogbemudia Main Library, University of Abuja 02/19/2026 2024/62560 RA1226 .L35 2026-0043 2 Books